000 00307nam a2200133Ia 4500
008 150301s2015 xx 000 0 und d
082 _a616.01
_bP12P
100 _aPARIJA SUBHASH S.
245 _aTB OF PRACTICAL MICROBIOLOGY
260 _bABH
300 _a314
650 _aMICROBIOLOGY
942 _2ddc
_cBK
999 _c7183
_d7183